L' attività di contrasto alla criminalità organizzata: lo stato dell'arte
| Contributors: | |
|---|---|
| Format: | Print Book |
| Language: | Italian |
| Published: |
Milano
Giuffrè
2005
|
| In: |
Osservatorio Permanente sulla Criminalità Organizzata (6)
Year: 2005 |
| Availability in Tübingen: | Present in Tübingen. UB: KB 20 A 1842 |
| Check availability: | HBZ Gateway |
| Subito Delivery Service: | Order now. |
| Keywords: |
MARC
| LEADER | 00000cam a2200000 c 4500 | ||
|---|---|---|---|
| 001 | 1191612589 | ||
| 003 | DE-627 | ||
| 005 | 20251225182903.0 | ||
| 007 | tu | ||
| 008 | 051125s2005 xx ||||| 00| ||ita c | ||
| 020 | |a 8814119023 |9 88-14-11902-3 | ||
| 024 | 8 | |a CASA.0544.0168 |q Sonstige Nr. | |
| 035 | |a (DE-627)1191612589 | ||
| 035 | |a (DE-576)121612589 | ||
| 035 | |a (DE-599)BSZ121612589 | ||
| 035 | |a (OCoLC)62252515 | ||
| 035 | |a (AT-OBV)AC05713382 | ||
| 035 | |a (ZDB-21-EIL)05641365 | ||
| 040 | |a DE-627 |b ger |c DE-627 |e rakwb | ||
| 041 | |a ita | ||
| 050 | 0 | |a K | |
| 082 | 0 | |a 345 | |
| 245 | 0 | 3 | |a L' attività di contrasto alla criminalità organizzata |b lo stato dell'arte |c a cura di Carola Parano ... |
| 264 | 1 | |a Milano |b Giuffrè |c 2005 | |
| 300 | |a XXII, 386 S. |b Ill. |c 24 cm | ||
| 336 | |a Text |b txt |2 rdacontent | ||
| 337 | |a ohne Hilfsmittel zu benutzen |b n |2 rdamedia | ||
| 338 | |a Band |b nc |2 rdacarrier | ||
| 490 | 1 | |a Osservatorio permanente sulla criminalità organizzata |v 6 | |
| 500 | |a Contains bibliographical references and notes. - Papers presented to the congress, Syracuse, 2004 | ||
| 583 | 1 | |a Archivierung prüfen |c 20200919 |f DE-640 |z 1 |2 pdager | |
| 655 | 7 | |a Aufsatzsammlung |0 (DE-588)4143413-4 |0 (DE-627)105605727 |0 (DE-576)209726091 |2 gnd-content | |
| 655 | 7 | |a Konferenzschrift |0 (DE-588)1071861417 |0 (DE-627)826484824 |0 (DE-576)433375485 |2 gnd-content | |
| 689 | 0 | 0 | |d g |0 (DE-588)4027833-5 |0 (DE-627)106283235 |0 (DE-576)208972501 |a Italien |2 gnd |
| 689 | 0 | 1 | |d s |0 (DE-588)4043830-2 |0 (DE-627)104189177 |0 (DE-576)209057513 |a Organisiertes Verbrechen |2 gnd |
| 689 | 0 | |5 DE-101 | |
| 689 | 1 | 0 | |d g |0 (DE-588)4027833-5 |0 (DE-627)106283235 |0 (DE-576)208972501 |a Italien |2 gnd |
| 689 | 1 | 1 | |d s |0 (DE-588)4043830-2 |0 (DE-627)104189177 |0 (DE-576)209057513 |a Organisiertes Verbrechen |2 gnd |
| 689 | 1 | 2 | |d s |0 (DE-588)4112701-8 |0 (DE-627)104321679 |0 (DE-576)209470127 |a Bekämpfung |2 gnd |
| 689 | 1 | |5 (DE-627) | |
| 700 | 1 | |a Parano, Carola |e Hrsg. |4 edt | |
| 810 | 2 | |a Osservatorio Permanente sulla Criminalità Organizzata |g Syrakus |t Osservatorio Permanente sulla Criminalità Organizzata |v 6 |9 6 |w (DE-627)1184568081 |w (DE-576)114568081 |7 am | |
| 951 | |a BO | ||
| ELC | |b 1 | ||
| LOK | |0 000 xxxxxcx a22 zn 4500 | ||
| LOK | |0 001 250005487X | ||
| LOK | |0 003 DE-627 | ||
| LOK | |0 004 1191612589 | ||
| LOK | |0 005 20060216164041 | ||
| LOK | |0 008 051125||||||||||||||||ger||||||| | ||
| LOK | |0 040 |a DE-21 |c DE-627 |d DE-21 | ||
| LOK | |0 852 |a DE-21 | ||
| LOK | |0 852 1 |c KB 20 A 1842 |9 00 | ||
| LOK | |0 935 |a krim | ||
| LOK | |0 936ln |a k11.3.2 | ||
| LOK | |0 938 |l 16/02/06 |8 6 | ||
| LOK | |0 939 |a 25-11-05 |b l01 | ||
| ORI | |a SA-MARC-krimdoka001.raw | ||
| SIG | |a UB: KB 20 A 1842 | ||
| TIM | |a 100018610317_100020261231 |b 1861-03-17 - 2026 | ||
